| 000 | 01183 a2200241 4500 | ||
|---|---|---|---|
| 999 |
_c461117 _d461117 |
||
| 003 | UA-OsUOA | ||
| 005 | 20200825103601.0 | ||
| 008 | 200825b un ||||| |||| 00| 0 rus d | ||
| 020 | _a9786177068005 | ||
| 040 |
_aUA-OsUOA _bukr _cUA-OsUOA _dUA-OsUOA |
||
| 041 | _arus | ||
| 080 | _a82.09(470+571) | ||
| 090 |
_a82.09(470+571) _bР 63 |
||
| 100 | _aРоманова Е. И. | ||
| 245 |
_aЛюбовь и самосознание личности в русской литературе _bмонография _cЕ. И. Романова |
||
| 260 |
_bНовая идеология _c2012 _aДнипропетровск |
||
| 300 | _a286 с. | ||
| 520 | _aМонографію присвячено дослідженню художнього втілення історично зумовлених модифікаційкультурного феномену кохання у російській літературі XVIII - XX ст. | ||
| 650 |
_2UDC _a82 Література. Літературознавство |
||
| 942 |
_cBK _2udc |
||
| 955 | _a1 | ||